Introducción a la sociología / (Record no. 42307)

MARC details
000 -LEADER
campo de control de longitud fija 00546nam a2200193 i 4500
001 - NÚMERO DE CONTROL
campo de control 42307
003 - IDENTIFICADOR DE NÚMERO DE CONTROL
campo de control ES-MaACL
005 - FECHA Y HORA DE LA ÚLTIMA TRANSACCIÓN
campo de control 20230906160603.0
007 - CAMPO FIJO DE DESCRIPCIÓN FÍSICA--INFORMACIÓN GENERAL
campo de control de longitud fija t|
008 - DATOS DE LONGITUD FIJA--INFORMACIÓN GENERAL
campo de control de longitud fija 030313s1968 sp ||||1| spa d
100 1# - ENTRADA PRINCIPAL--NOMBRE DE PERSONA
Nombre de persona Castillo Castillo, José.
9 (RLIN) 36731
245 10 - MENCIÓN DEL TÍTULO
Título Introducción a la sociología /
Mención de responsabilidad, etc. José Castillo Castillo.
260 ## - PUBLICACIÓN, DISTRIBUCIÓN, ETC.
Lugar de publicación, distribución, etc. Madrid :
Nombre del editor, distribuidor, etc. Guadarrama,
Fecha de publicación, distribución, etc. [1968]
300 ## - DESCRIPCIÓN FÍSICA
Extensión 291 p. ;
Dimensiones 18 cm.
490 1# - MENCIÓN DE SERIE
Mención de serie Punto Omega ;
Designación de volumen o secuencia 56
830 0# - PUNTO DE ACCESO ADICIONAL DE SERIE-TÍTULO UNIFORME
Título uniforme Punto Omega ;
Designación de volumen o secuencia 56
9 (RLIN) 180707
852 ## - LOCALIZACIÓN
Ubicación ES-MaACL
Número de control de estantería C-35860
Sublocalización o colección R.68759
Holdings
Estatus retirado Estado de pérdida Estado de daño No para préstamo Biblioteca de origen Biblioteca actual Ubicación en estantería Fecha de adquisición Fuente de adquisición Total de préstamos Signatura topográfica completa Código de barras Visto por última vez Precio de reemplazo Tipo de ítem Koha
        Biblioteca del Ateneo de Madrid Biblioteca del Ateneo de Madrid Depósito 2 17/01/2008     C-35860 1044523 23/02/2023 23/02/2023 Libro impreso